|
|
|
|
| LEADER |
01234nam a2200325 4500 |
| 001 |
40176 |
| 003 |
BD-DhAAL |
| 008 |
221223t1971 enka bs 001 0 eng d |
| 999 |
|
|
|c 45166
|d 45166
|
| 010 |
|
|
|a 73330838
|
| 015 |
|
|
|a B71-30920
|
| 020 |
|
|
|a 0140802991
|
| 040 |
|
|
|a DLC
|c DLC
|d DLC
|d BD-DhAAL
|
| 050 |
0 |
0 |
|a HB801
|b .J65
|
| 082 |
0 |
0 |
|a 339.47
|
| 100 |
1 |
|
|a Johnson, M. Bruce.
|9 52824
|
| 245 |
1 |
0 |
|a Household behaviour :
|b consumption, income and wealth /
|c M. Bruce Johnson.
|
| 260 |
|
|
|a Harmondsworth,
|b Penguin,
|c 1971.
|
| 300 |
|
|
|a 159 pages :
|b illustrations ;
|c 19 cm.
|
| 490 |
0 |
|
|a Penguin education
|
| 490 |
0 |
|
|a Penguin modern economics texts, macroeconomics
|
| 504 |
|
|
|a Includes bibliographical references (pages [147]-149.)
|
| 541 |
|
|
|a Donated By Akbar Ali Khan
|e 40176
|
| 650 |
|
0 |
|a Consumption (Economics).
|9 52825
|
| 650 |
|
0 |
|a Consumers.
|9 52826
|
| 830 |
|
|
|a Penguin education
|9 52827
|
| 830 |
|
|
|a Penguin modern economics texts, macroeconomics
|9 52828
|
| 852 |
|
|
|a Ayesha Abed Library
|c Akbar Ali Khan Collection
|
| 942 |
|
|
|2 ddc
|c BK
|
| 952 |
|
|
|0 0
|1 0
|2 ddc
|4 0
|6 339_470000000000000_JOH
|7 1
|9 72473
|a BRACUL
|b BRACUL
|c AAKC
|d 2022-12-13
|e Donated by Akbar Ali Khan
|l 0
|o 339.47 JOH
|p 3010040176
|r 2022-12-13
|t 1
|w 2022-12-13
|y BK
|